Science Quiz

Random Science Quiz

VU NROTC- Leadership Principles Quiz Stats

 Plays Quiz not verified by Sporcle

Score 0/11 Timer 08:00
0 Plays Today
Number Principle % Correct
My fifth leadership principle is to...set the example
75%
My second leadership principle is to...know myself and seek self improvement
62.5%
My first leadership principle is to...be technically and tactically proficient
37.5%
My third leadership principle is to...know my people and look out for their welfare
12.5%
My fourth leadership principle is to...keep my people informed
12.5%
My sixth leadership principle is to...ensure the task is understood, supervised and accomplished
12.5%
My seventh leadership principle is to...train my people as a team
12.5%
My eighth leadership principle is to...make sound and timely decisions
12.5%
My ninth leadership principle is to...develop a sense of responsibility in my subordinates
12.5%
My eleventh leadership principle is to...seek responsibility and take responsibility for my actions
12.5%
My tenth leadership principle is to...employ my command in accordance with its capabilities
0%

You're not logged in!

Compare scores with friends on all Sporcle quizzes.
OR
Log In

Show Comments

Extras

Created Oct 17, 2010SourceReportNominate
Tags:navy, nrotc, villanova

Top Quizzes Today


Score Distribution

Your Account Isn't Verified!

In order to create a playlist on Sporcle, you need to verify the email address you used during registration. Go to your Sporcle Settings to finish the process.

Report this User

Report this user for behavior that violates our Community Guidelines.

Details: